Statistiken für NBA Mannschaften der Saison 2019/2020

Klicken Sie hier um das Quiz zu spielen!

Allgemein

  • Dieses Quiz wurde 578 mal gespielt
  • Das Durchschnittsergebnis liegt bei 23 aus 30

Antwortstatistiken

Teams% Korrekt
Los Angeles Lakers
95%
Boston Celtics
88%
Dallas Mavericks
87%
Los Angeles Clippers
87%
Miami Heat
87%
Chicago Bulls
86%
Golden State Warriors
84%
New York Knicks
82%
Brooklyn Nets
81%
Atlanta Hawks
80%
Toronto Raptors
80%
Cleveland Cavaliers
79%
Houston Rockets
79%
Milwaukee Bucks
79%
Denver Nuggets
78%
Utah Jazz
78%
Phoenix Suns
76%
San Antonio Spurs
76%
Orlando Magic
75%
Philadelphia 76ers
74%
Detroit Pistons
73%
Indiana Pacers
73%
Washington Wizards
73%
Portland Trail Blazers
72%
Minnesota Timberwolves
71%
Oklahoma City Thunder
71%
Charlotte Hornets
70%
Sacramento Kings
70%
Memphis Grizzlies
68%
New Orleans Pelicans
68%

Verteilung der Resultate

Perzentil nach korrekt beantworteten Fragen

Anzahl Personen mit jedem Resultat

Ihre Resultats-Entwicklung

Sie haben dieses Quiz noch nicht gespielt